00358 a2200109 450000100060000008200100000610000430001624500850005926000450014430000360018950000230022587621 aPR 03 aFaryal Aurooj, Plt Off 15211 69 (B) EC aPreparation of lab manuals and demostration of labs of AV-231 and AV-332 Courses aRislapurbCAE PAF Academy Risalpurc2010 ax, 192p.eMudassir Iqbal Wq Cdr aBE Project Reports